[Event "Foment Martinenc op-B 24th"]
[Site "Barcelona"]
[Date "2024.04.27"]
[Round "2"]
[White "Toscano Gaviria, Mateo"]
[Black "Celorrio Capelleras, Gabriel"]
[Result "0-1"]
[WhiteElo "1527"]
[BlackElo "1686"]
[PlyCount "70"]
[EventDate "2024.04.20"]
[EventType "swiss"]
[EventRounds "9"]
[EventCountry "ESP"]
[SourceTitle "CBM 220 Extra"]
[Source "ChessBase"]
[SourceDate "2024.07.31"]
[SourceVersion "1"]
[SourceVersionDate "2024.07.31"]
[SourceQuality "1"]

1. e4 c5 2. Nf3 Nc6 3. Bb5 a6 4. Bxc6 bxc6 5. d4 cxd4 6. Qxd4 d5 7. Nc3 e6 8. 0-0 c5 9. Qd3 d4 10. Ne2 Bb7 11. c3 dxc3 12. Qxd8+ Rxd8 13. Nxc3 Nf6 14. Re1 Be7 15. Bf4 0-0 16. Rad1 Bc6 17. e5 Nd5 18. Nxd5 exd5 19. Bg5 Rfe8 20. Bxe7 Rxe7 21. Rc1 c4 22. Red1 Bb5 23. Re1 Rde8 24. b3 f6 25. exf6 Rxe1+ 26. Nxe1 gxf6 27. f4 cxb3 28. axb3 Re3 29. b4 Re4 30. g3 Rxb4 31. Rd1 Bc4 32. Nc2 Rb3 33. Kf2 Rb2 34. Rd2 Bb3 35. Ke3 Rxc2 0-1

[Event "Foment Martinenc op-B 23rd"]
[Site "Barcelona"]
[Date "2023.06.10"]
[Round "8"]
[White "Celorrio Capelleras, Gabriel"]
[Black "Lopera Larrea, Izan"]
[Result "1/2-1/2"]
[WhiteElo "1287"]
[BlackElo "1183"]
[PlyCount "114"]
[EventDate "2023.04.22"]
[EventType "swiss"]
[EventRounds "9"]
[EventCountry "ESP"]
[SourceTitle "EXT 2024"]
[Source "ChessBase"]
[SourceDate "2023.10.10"]
[SourceVersion "1"]
[SourceVersionDate "2023.10.10"]
[SourceQuality "1"]

1. e4 c5 2. Nf3 Nc6 3. d4 cxd4 4. Nxd4 Nf6 5. Nc3 e6 6. Nxc6 bxc6 7. e5 Nd5 8. Ne4 Be7 9. Be2 0-0 10. c4 Nb6 11. 0-0 Bb7 12. Nd6 Bxd6 13. Qxd6 h6 14. Qd4 Qc7 15. Rd1 c5 16. Qd6 Qxd6 17. Rxd6 f6 18. Be3 Rac8 19. exf6 Rxf6 20. a4 Rf7 21. a5 Na8 22. Rad1 Rc7 23. Bh5 Re7 24. Bg6 Bc8 25. R6d2 e5 26. Be4 Bb7 27. Bxb7 Rxb7 28. Bxc5 Rc7 29. Be3 Rxc4 30. Rxd7 Rxd7 31. Rxd7 Nc7 32. g3 Nb5 33. Bxa7 Nxa7 34. Rxa7 Ra4 35. Kf1 Kh7 36. a6 Ra2 37. Ke1 Rxb2 38. Rb7 Ra2 39. a7 Kg6 40. Kd1 Kf6 41. Kc1 g5 42. Kb1 Ra5 43. Kb2 Kf5 44. Kb3 Kg4 45. Kb4 Ra1 46. Kc5 Kh3 47. Kc6 Kxh2 48. Kc7 Kg2 49. Kb8 Kxf2 50. a8Q Rxa8+ 51. Kxa8 e4 52. Rb6 e3 53. Rxh6 e2 54. Rf6+ Kxg3 55. Re6 Kf2 56. Rf6+ Kg3 57. Re6 Kf2 1/2-1/2